Hydrodynamic Regimes of Interaction between a Droplet of Water-in-Diesel Microemulsion and a Horizontal Heated Wall; Technical Physics Letters; Vol. 45, No. 6

Podrobná bibliografie
Parent link:Technical Physics Letters
Vol. 45, No. 6.— 2019.— [P. 544-548]
Hlavní autor: Ashikhmin A. E. Alexander Evgenjevich
Korporativní autor: Национальный исследовательский Томский политехнический университет Инженерная школа энергетики Научно-образовательный центр И. Н. Бутакова (НОЦ И. Н. Бутакова)
Další autoři: Piskunov M. V. Maksim Vladimirovich, Yanovsky V. A. Vyacheslav Aleksandrovich
Shrnutí:Title screen
The hydrodynamic regimes of interaction between a droplet of the fuel water-in-diesel microemulsion with a heated rigid surface are studied, and regime maps are drawn with the separation of constitutive equations and inertia, viscous, and surface tension forces. The critical values of the Weber and Reynolds numbers are established that correspond to transitions between the interaction regimes (thermal disintegration and rebound of the droplet). From the practical point of view, the results may be used in studying the formation processes of air-fuel mixture in the combustion chambers.
Jazyk:angličtina
Vydáno: 2019
Témata:
On-line přístup:https://doi.org/10.1134/S1063785019060038
Médium: MixedMaterials Elektronický zdroj Kapitola
KOHA link:https://koha.lib.tpu.ru/cgi-bin/koha/opac-detail.pl?biblionumber=664047

MARC

LEADER 00000naa0a2200000 4500
001 664047
005 20250425154051.0
035 |a (RuTPU)RU\TPU\network\35217 
035 |a RU\TPU\network\27175 
090 |a 664047 
100 |a 20210324d2019 k||y0rusy50 ba 
101 0 |a eng 
135 |a drgn ---uucaa 
181 0 |a i  
182 0 |a b 
200 1 |a Hydrodynamic Regimes of Interaction between a Droplet of Water-in-Diesel Microemulsion and a Horizontal Heated Wall  |f A. E. Ashikhmin, M. V. Piskunov, V. A. Yanovsky 
203 |a Text  |c electronic 
300 |a Title screen 
320 |a [References: p. 547-548 (11) tit.] 
330 |a The hydrodynamic regimes of interaction between a droplet of the fuel water-in-diesel microemulsion with a heated rigid surface are studied, and regime maps are drawn with the separation of constitutive equations and inertia, viscous, and surface tension forces. The critical values of the Weber and Reynolds numbers are established that correspond to transitions between the interaction regimes (thermal disintegration and rebound of the droplet). From the practical point of view, the results may be used in studying the formation processes of air-fuel mixture in the combustion chambers. 
461 |t Technical Physics Letters 
463 |t Vol. 45, No. 6  |v [P. 544-548]  |d 2019 
610 1 |a электронный ресурс 
610 1 |a труды учёных ТПУ 
610 1 |a microemulsion 
610 1 |a alternative fuel 
610 1 |a droplet 
610 1 |a disintegration 
610 1 |a rebound 
610 1 |a микроэмульсии 
610 1 |a альтернативные топлива 
610 1 |a капли топлива 
610 1 |a гидродинамические режимы 
610 1 |a взаимодействия 
610 1 |a дизельные топлива 
610 1 |a дизельные топлива 
700 1 |a Ashikhmin  |b A. E.  |c Specialist in the field of thermal power engineering and heat engineering  |c Research Engineer of Tomsk Polytechnic University  |f 1998-  |g Alexander Evgenjevich  |3 (RuTPU)RU\TPU\pers\47569 
701 1 |a Piskunov  |b M. V.  |c specialist in the field of thermal engineering  |c engineer of Tomsk Polytechnic University  |f 1991-  |g Maksim Vladimirovich  |3 (RuTPU)RU\TPU\pers\34151  |9 17691 
701 1 |a Yanovsky  |b V. A.  |g Vyacheslav Aleksandrovich 
712 0 2 |a Национальный исследовательский Томский политехнический университет  |b Инженерная школа энергетики  |b Научно-образовательный центр И. Н. Бутакова (НОЦ И. Н. Бутакова)  |3 (RuTPU)RU\TPU\col\23504 
801 0 |a RU  |b 63413507  |c 20230517  |g RCR 
850 |a 63413507 
856 4 |u https://doi.org/10.1134/S1063785019060038 
942 |c CF